24 三重県の市町村 人口順 - Statistics

General Stats
  • This quiz has been taken 6 times
  • The average score is 22 of 29
Answer Stats
順位 人口 市町村 % Correct
1 298,931 四日市市
100%
2 264,400 津市
100%
3 189,595 鈴鹿市
100%
4 151,703 松阪市
100%
5 134,296 桑名市
100%
6 115,876 伊勢市
100%
7 82,281 伊賀市
100%
9 49,378 亀山市
83%
10 44,028 いなべ市
83%
11 40,774 志摩市
83%
12 39,491 菰野町
83%
13 25,423 東員町
83%
16 15,579 鳥羽市
83%
18 14,152 熊野市
83%
19 14,139 尾鷲市
83%
20 13,110 多気町
83%
29 5,704 木曽岬町
83%
8 72,083 名張市
67%
15 15,753 川越町
67%
17 14,531 玉城町
67%
23 9,544 紀宝町
67%
24 9,118 南伊勢町
67%
25 7,752 大台町
67%
14 21,881 明和町
50%
21 12,771 紀北町
50%
22 11,072 朝日町
50%
26 7,389 御浜町
50%
27 7,229 度会町
50%
28 6,710 大紀町
50%
No matching quizzes found
Score Distribution
Percent of People with Each Score
Percentile by Number Answered
Your Score History
You have not taken this quiz